Vplyv osobnosti manažéra na hospodársku činnosť podniku

Analýza osobnosti stredných a vrcholových manažérov úspešných firiem. Spoločné, kľúčové osobnostné vlastnosti a ich potencionálny vplyv na úspešnosť podniku. Možnosti rozvoja kľúčových vlastností manažérov. Výsledky výskumu.

Uložené v:
Podrobná bibliografia
Hlavný autor: Oravský, Pavol
Médium: Kapitola
Jazyk:Slovak
Predmet:
Tagy: Pridať tag
Žiadne tagy, Buďte prvý, kto otaguje tento záznam!

MARC

LEADER 00000nla$a2200000$$$4500
001 0142874
005 20240502072548.7
041 0 |a slo 
044 |a SK 
245 1 0 |a Vplyv osobnosti manažéra na hospodársku činnosť podniku  |c Pavol Oravský 
520 |a Analýza osobnosti stredných a vrcholových manažérov úspešných firiem. Spoločné, kľúčové osobnostné vlastnosti a ich potencionálny vplyv na úspešnosť podniku. Možnosti rozvoja kľúčových vlastností manažérov. Výsledky výskumu. 
610 2 0 |a manažéri 
610 2 0 |a práca 
610 2 0 |a rozhodovanie manažérske 
610 2 0 |a rodina 
610 2 0 |a oddych 
610 2 0 |a výskum 
100 1 |a Oravský, Pavol